000 00665nam a2200205Ia 4500
003 GCL
008 140319s9999 xx 000 0 ara d
020 _a8645270977
040 _aGCL /
_cGCL
082 0 4 _a027.625
_bم م
100 1 _aمحمد فتحى عبدالهادى
245 1 0 _aالمكتبة والطفل /
_cمحمد فتحى عبدالهادى
250 _aالاولى
260 _aالقاهرة :
_bالدار المصرية اللبنانية ،
_c2001
300 _a197 ص ؛
_c24 سم
650 0 4 _aمكتبات الاطفال
650 0 4 _aالتزويد ( مكتبات )
650 0 4 _aالمكتبات - مبانى
942 _2ddc
_cBK
999 _c43468
_d43468